Catorze anos de política do espirito (Record no. 43618)

MARC details
000 -LEADER
campo de control de longitud fija 00553nam a2200145 i 4500
001 - NÚMERO DE CONTROL
campo de control 43618
003 - IDENTIFICADOR DE NÚMERO DE CONTROL
campo de control ES-MaACL
005 - FECHA Y HORA DE LA ÚLTIMA TRANSACCIÓN
campo de control 20230906160838.0
007 - CAMPO FIJO DE DESCRIPCIÓN FÍSICA--INFORMACIÓN GENERAL
campo de control de longitud fija t|
008 - DATOS DE LONGITUD FIJA--INFORMACIÓN GENERAL
campo de control de longitud fija 030318s1948 po ||||1| por d
245 00 - MENCIÓN DEL TÍTULO
Título Catorze anos de política do espirito
Resto del título : apontamientos para uma exposiçao apresentados no S.N.I. ...em Janeiro de 1948.
260 ## - PUBLICACIÓN, DISTRIBUCIÓN, ETC.
Lugar de publicación, distribución, etc. [S.l. :
Nombre del editor, distribuidor, etc. s.n.,
Fecha de publicación, distribución, etc. 1948] (
Lugar de fabricación/manufactura Lisboa :
Fabricante Secretariado Nacional de Informacion, Oficina Gráfica Limitada)
300 ## - DESCRIPCIÓN FÍSICA
Extensión 31 p., 1 h. pleg., 4 lám. :
Otras características físicas il. ;
Dimensiones 25 cm.
852 ## - LOCALIZACIÓN
Ubicación ES-MaACL
Número de control de estantería D-7173
Sublocalización o colección R.27143
Holdings
Estatus retirado Estado de pérdida Estado de daño No para préstamo Biblioteca de origen Biblioteca actual Ubicación en estantería Fecha de adquisición Fuente de adquisición Total de préstamos Signatura topográfica completa Código de barras Visto por última vez Precio de reemplazo Tipo de ítem Koha
        Biblioteca del Ateneo de Madrid Biblioteca del Ateneo de Madrid Sala Valle Inclán 17/01/2008     D-7173 901045916 23/02/2023 23/02/2023 Libro impreso